| 000 | 00601nam a2200169Ia 4500 | ||
|---|---|---|---|
| 008 | 090711s9999 xx 000 0 und d | ||
| 082 | _b50 | ||
| 100 | _aघाणेकर मधुसूदन | ||
| 245 | _aजन्मतारखेतील गूढ | ||
| 260 |
_bइंद्रायणी साहित्य _c2001 |
||
| 300 | _a79 | ||
| 600 | _aघाणेकर मधुसूदन | ||
| 630 | _aजन्मतारखेतील गूढ | ||
| 700 | _aघाणेकर मधुसूदन | ||
| 730 | _aजन्मतारखेतील गूढ | ||
| 942 | _cBOOK | ||
| 999 |
_c339238 _d339235 |
||